[Event "HUN-chT2 Barcza 1819"]
[White "Orban, Vasile Gheorghe"]
[Black "Galgovics, Andras"]
[Site "Hungary"]
[Round "2.6"]
[Result "0-1"]
[Date "2018.10.07"]
[WhiteElo "1875"]
[BlackElo "1915"]
[PlyCount "120"]
[EventDate "2018.09.23"]
[EventType "team-tourn"]
[EventRounds "11"]
[EventCountry "HUN"]
[SourceTitle "CBM 189 Extra"]
[Source "ChessBase"]
[SourceDate "2019.05.31"]
[SourceVersion "1"]
[SourceVersionDate "2019.05.31"]
[SourceQuality "1"]
[WhiteTeam "Hajduszoboszlo"]
[BlackTeam "Kazincbarcika"]
[WhiteTeamCountry "HUN"]
[BlackTeamCountry "HUN"]

1. d4 Nf6 2. Nf3 g6 3. c4 Bg7 4. Nc3 d6 5. e4 0-0 6. Be2 c5 7. dxc5 dxc5 8. Qxd8 Rxd8 9. Be3 b6 10. 0-0 Nc6 11. Rad1 Bb7 12. a3 Ng4 13. Bd2 Nge5 14. Nxe5 Bxe5 15. f4 Bg7 16. e5 Nd4 17. Be3 Nxe2+ 18. Nxe2 f6 19. exf6 Bxf6 20. b4 cxb4 21. axb4 Be4 22. c5 bxc5 23. Bxc5 a6 24. Rfe1 Kf7 25. Nd4 Bd5 26. Rd2 Bc4 27. Red1 Rdc8 28. Nf3 Bb3 29. Re1 Rc7 30. Rde2 Re8 31. Re3 Bd5 32. Ng5+ Bxg5 33. fxg5 e6 34. Rf1+ Kg8 35. Ra3 Bc4 36. Rf4 Bb5 37. Raf3 a5 38. Bf8 Rc1+ 39. Kf2 Rf1+ 40. Kg3 Rxf3+ 41. gxf3 Rxf8 42. Rxf8+ Kxf8 43. bxa5 Ke7 44. Kg4 Kd6 45. Kf4 Kd5 46. Kg4 Ke5 47. h3 Kd4 48. Kf4 e5+ 49. Kg3 Ke3 50. h4 Be2 51. h5 Bxf3 52. hxg6 hxg6 53. a6 Ba8 54. a7 e4 55. Kg4 Kf2 56. Kf4 e3 57. Ke5 e2 58. Kf6 e1Q 59. Kxg6 Qa5 60. Kh6 Qxa7 0-1

[Event "HUN-chT2 Barcza 1718"]
[White "Orban, Vasile Gheorghe"]
[Black "Menyhart, Tibor"]
[Site "Hungary"]
[Round "7.2"]
[Result "1/2-1/2"]
[Date "2018.01.28"]
[WhiteElo "1962"]
[BlackElo "2079"]
[PlyCount "30"]
[EventDate "2017.09.24"]
[EventType "team-tourn"]
[EventRounds "11"]
[EventCountry "HUN"]
[SourceTitle "EXT 2021"]
[Source "ChessBase"]
[SourceDate "2020.10.23"]
[SourceVersion "1"]
[SourceVersionDate "2020.10.23"]
[SourceQuality "1"]
[WhiteTeam "Hajduszoboszlo"]
[BlackTeam "Debrecen Sakkiskola II"]
[WhiteTeamCountry "HUN"]
[BlackTeamCountry "HUN"]

1. d4 Nf6 2. Nf3 d5 3. c4 dxc4 4. Nc3 a6 5. a4 Nc6 6. e3 Na5 7. Nd2 Be6 8. Nce4 b5 9. Nc5 Bg4 10. f3 Bh5 11. b4 Nc6 12. Ba3 e6 13. Be2 Bxc5 14. dxc5 0-0 15. 0-0 Qe7 1/2-1/2

[Event "HUN-chT2 Barcza 1718"]
[White "Hidegh, Gabor"]
[Black "Orban, Vasile Gheorghe"]
[Site "Hungary"]
[Round "1.3"]
[Result "1/2-1/2"]
[Date "2017.09.24"]
[WhiteElo "2122"]
[BlackElo "1962"]
[PlyCount "72"]
[EventDate "2017.09.24"]
[EventType "team-tourn"]
[EventRounds "11"]
[EventCountry "HUN"]
[SourceTitle "EXT 2021"]
[Source "ChessBase"]
[SourceDate "2020.10.23"]
[SourceVersion "1"]
[SourceVersionDate "2020.10.23"]
[SourceQuality "1"]
[WhiteTeam "Bajnok Sakkiskola"]
[BlackTeam "Hajduszoboszlo"]
[WhiteTeamCountry "HUN"]
[BlackTeamCountry "HUN"]

1. d4 Nf6 2. Nf3 d5 3. Bf4 e6 4. e3 a6 5. Bd3 c5 6. c3 Nc6 7. Nbd2 Be7 8. Ne5 0-0 9. 0-0 cxd4 10. exd4 Nxe5 11. dxe5 Nd7 12. Qh5 f5 13. Nf3 Qe8 14. Qxe8 Rxe8 15. Be3 Nc5 16. Bc2 Bd7 17. Nd4 Rac8 18. h3 Rf8 19. f4 h5 20. g4 hxg4 21. hxg4 fxg4 22. Kg2 Ne4 23. Bxe4 dxe4 24. Kg3 Bc5 25. Rad1 Ba4 26. b3 Bxd4 27. Bxd4 Bb5 28. c4 Bc6 29. Kxg4 Rcd8 30. Bc5 Rxd1 31. Rxd1 Re8 32. f5 Kf7 33. Rd6 exf5+ 34. Kxf5 g6+ 35. Kf4 Re6 36. Rd8 Re8 1/2-1/2

[Event "HUN-chT2 Barcza 1617"]
[White "Pasztor, Lorant"]
[Black "Orban, Vasile Gheorghe"]
[Site "Hungary"]
[Round "1.5"]
[Result "0-1"]
[Date "2016.09.25"]
[WhiteElo "1930"]
[BlackElo "2026"]
[PlyCount "56"]
[EventDate "2016.09.25"]
[EventType "team-tourn"]
[EventRounds "11"]
[EventCountry "HUN"]
[SourceTitle "EXT 2021"]
[Source "ChessBase"]
[SourceDate "2020.10.23"]
[SourceVersion "1"]
[SourceVersionDate "2020.10.23"]
[SourceQuality "1"]
[WhiteTeam "Sajobabony"]
[BlackTeam "Hajduszoboszlo"]
[WhiteTeamCountry "HUN"]
[BlackTeamCountry "HUN"]

1. e4 e6 2. d4 d5 3. e5 c5 4. c3 Qb6 5. Nf3 Bd7 6. Bd3 Bb5 7. 0-0 Nd7 8. a4 Bxd3 9. Qxd3 a6 10. Nbd2 Ne7 11. b4 cxd4 12. cxd4 Nc6 13. a5 Qc7 14. Ba3 Bxb4 15. Rfc1 Bxa3 16. Qxa3 Qd8 17. Qd6 Nf8 18. Qa3 Qe7 19. Qb3 Rc8 20. Rab1 Rc7 21. Qb6 Ng6 22. Nb3 0-0 23. Nc5 Rfc8 24. Nxb7 Rb8 25. Qxa6 Rcxb7 26. Rxb7 Qxb7 27. Qxb7 Rxb7 28. a6 Rb6 0-1

[Event "HUN-chT2 Barcza 1516"]
[White "Orban, Vasile Gheorghe"]
[Black "Magi, Tibor"]
[Site "Hungary"]
[Round "10.6"]
[Result "0-1"]
[Date "2016.04.03"]
[WhiteElo "2022"]
[BlackElo "1896"]
[PlyCount "116"]
[EventDate "2015.09.13"]
[EventType "team-tourn"]
[EventRounds "11"]
[EventCountry "HUN"]
[SourceTitle "EXT 2017"]
[Source "ChessBase"]
[SourceDate "2016.10.25"]
[SourceVersion "1"]
[SourceVersionDate "2016.10.25"]
[SourceQuality "1"]
[WhiteTeam "Hajduszoboszlo"]
[BlackTeam "Nadudvar"]
[WhiteTeamCountry "HUN"]
[BlackTeamCountry "HUN"]

1. d4 d5 2. c4 c6 3. Nf3 Nf6 4. Nc3 dxc4 5. e4 b5 6. e5 Nd5 7. a4 Nxc3 8. bxc3 Qa5 9. Bd2 Qb6 10. Qb1 Be6 11. Ng5 Bd5 12. Qf5 h6 13. Qc8+ Qd8 14. Qxd8+ Kxd8 15. Nh3 a6 16. Nf4 e6 17. Be2 Be7 18. 0-0 Nd7 19. Rfb1 Kc7 20. f3 Nb6 21. a5 Nd7 22. Nh5 g6 23. Ng3 f5 24. exf6 Nxf6 25. Bd1 Bd6 26. Bc2 g5 27. Ne4 Bxe4 28. fxe4 Be7 29. Rf1 Rad8 30. e5 Nd5 31. Rf7 Rdf8 32. Raf1 Kd8 33. Bg6 c5 34. Be4 Rxf7 35. Rxf7 b4 36. Bxd5 exd5 37. dxc5 Bxc5+ 38. Kf1 bxc3 39. Bxc3 Rf8 40. Rxf8+ Bxf8 41. Ke2 Bc5 42. Bd2 Ke7 43. h4 Ke6 44. hxg5 hxg5 45. Bxg5 Kxe5 46. Bd2 Kf5 47. Kf3 Bd4 48. g4+ Kf6 49. Ke2 Ke5 50. Kd1 Ke4 51. Kc2 Bg7 52. Bc1 d4 53. Bd2 d3+ 54. Kd1 c3 55. Be1 c2+ 56. Kc1 Bh6+ 57. Bd2 Bxd2+ 58. Kxd2 Kf4 0-1

[Event "HUN-chT2 Barcza 1516"]
[White "Kral, Peter"]
[Black "Orban, Vasile Gheorghe"]
[Site "Hungary"]
[Round "3.5"]
[Result "1-0"]
[Date "2015.10.18"]
[WhiteElo "2109"]
[BlackElo "2012"]
[PlyCount "50"]
[EventDate "2015.09.13"]
[EventType "team-tourn"]
[EventRounds "11"]
[EventCountry "HUN"]
[SourceTitle "CBM 170 Extra"]
[Source "ChessBase"]
[SourceDate "2016.02.25"]
[SourceVersion "1"]
[SourceVersionDate "2016.02.25"]
[SourceQuality "1"]
[WhiteTeam "Nyiregyhaza"]
[BlackTeam "Hajduszoboszlo"]
[WhiteTeamCountry "HUN"]
[BlackTeamCountry "HUN"]

1. e4 d6 2. d4 Nf6 3. Bd3 g6 4. f4 Nc6 5. c3 e6 6. Nf3 Ne7 7. 0-0 Bg7 8. h3 c5 9. Be3 b6 10. Nbd2 0-0 11. g4 Bb7 12. Qe2 Rc8 13. Rf2 Qc7 14. Raf1 Bc6 15. c4 cxd4 16. Bxd4 Nd7 17. Bxg7 Kxg7 18. f5 Ng8 19. fxe6 Nc5 20. exf7 Rxf7 21. Ng5 Rxf2 22. Qxf2 Qe7 23. Qd4+ Qe5 24. Rf7+ Kh6 25. Rxh7+ Kxg5 1-0

[Event "HUN-chT2 Barcza 1516"]
[White "Orban, Vasile Gheorghe"]
[Black "Hegedus, Rafael"]
[Site "Hungary"]
[Round "1.6"]
[Result "0-1"]
[Date "2015.09.13"]
[WhiteElo "2022"]
[BlackElo "2030"]
[PlyCount "110"]
[EventDate "2015.09.13"]
[EventType "team-tourn"]
[EventRounds "11"]
[EventCountry "HUN"]
[SourceTitle "CBM 170 Extra"]
[Source "ChessBase"]
[SourceDate "2016.02.25"]
[SourceVersion "1"]
[SourceVersionDate "2016.02.25"]
[SourceQuality "1"]
[WhiteTeam "Hajduszoboszlo"]
[BlackTeam "Mezokovesd"]
[WhiteTeamCountry "HUN"]
[BlackTeamCountry "HUN"]

1. d4 f5 2. c4 Nf6 3. Nc3 g6 4. Nf3 Bg7 5. e3 d6 6. Bd3 Nc6 7. a3 e5 8. dxe5 Nxe5 9. Be2 0-0 10. 0-0 Be6 11. Qb3 Rb8 12. Rd1 Qc8 13. Nb5 a6 14. Nbd4 Nxf3+ 15. Bxf3 Bf7 16. Qd3 Nd7 17. Bd5 Ne5 18. Qe2 Re8 19. Nf3 Bxd5 20. cxd5 Nxf3+ 21. Qxf3 Qd7 22. Rb1 Re7 23. b3 Rbe8 24. Bb2 Re4 25. h3 Bxb2 26. Rxb2 R8e5 27. Rbd2 Qb5 28. Rd3 Qc5 29. b4 Qb5 30. Rd4 Qa4 31. R1d3 Kg7 32. Qd1 Qxd1+ 33. Rxd1 Rxd4 34. Rxd4 Re4 35. Rd3 Rc4 36. Kf1 Kf6 37. f4 Rc2 38. Kg1 h6 39. Kh2 g5 40. Kg3 h5 41. fxg5+ Kxg5 42. h4+ Kf6 43. Kf3 Ke5 44. g3 b6 45. a4 Rc4 46. Rd4 b5 47. a5 Rxd4 48. exd4+ Kxd4 49. Kf4 Kxd5 50. Kxf5 c5 51. Kf4 c4 52. Ke3 Ke5 53. Kf3 d5 54. Ke3 d4+ 55. Kf3 Kf5 0-1

[Event "Satu Mare Toamna Cup"]
[White "Orban, Vasile Gheorghe"]
[Black "Erdeus, Gheorghe"]
[Site "Satu Mare"]
[Round "5"]
[Result "1/2-1/2"]
[Date "2014.09.17"]
[WhiteElo "2036"]
[BlackElo "2253"]
[PlyCount "42"]
[EventDate "2014.09.15"]
[EventType "tourn"]
[EventRounds "9"]
[EventCountry "ROU"]
[EventCategory "2"]
[SourceTitle "EXT 2016"]
[Source "ChessBase"]
[SourceDate "2015.10.08"]
[SourceVersion "1"]
[SourceVersionDate "2015.10.08"]
[SourceQuality "1"]

1. e4 e6 2. d4 d5 3. Nc3 Nf6 4. Bg5 dxe4 5. Nxe4 Nbd7 6. Nf3 h6 7. Nxf6+ Nxf6 8. Bh4 c5 9. dxc5 Qxd1+ 10. Rxd1 Bxc5 11. Bb5+ Bd7 12. Bxd7+ Nxd7 13. Ke2 Be7 14. Rd4 Rd8 15. Bxe7 Kxe7 16. Rhd1 Nb6 17. Rxd8 Rxd8 18. Rxd8 Kxd8 19. b3 Nd5 20. Kd2 Nf4 21. g3 Nd5 1/2-1/2

[Event "Satu Mare Toamna Cup"]
[White "Orban, Vasile Gheorghe"]
[Black "Bogdan, Dan"]
[Site "Satu Mare"]
[Round "3"]
[Result "1/2-1/2"]
[Date "2014.09.16"]
[WhiteElo "2036"]
[BlackElo "2393"]
[PlyCount "64"]
[EventDate "2014.09.15"]
[EventType "tourn"]
[EventRounds "9"]
[EventCountry "ROU"]
[EventCategory "2"]
[SourceTitle "EXT 2016"]
[Source "ChessBase"]
[SourceDate "2015.10.08"]
[SourceVersion "1"]
[SourceVersionDate "2015.10.08"]
[SourceQuality "1"]

1. d4 g6 2. c4 Bg7 3. Nf3 c5 4. Nc3 cxd4 5. Nxd4 Nf6 6. e4 0-0 7. Be3 Nc6 8. Be2 d6 9. 0-0 Bd7 10. Qd2 Nxd4 11. Bxd4 Bc6 12. f3 Nd7 13. Be3 Qa5 14. Rac1 Rfc8 15. Rfd1 a6 16. Nd5 Qxd2 17. Rxd2 Kf8 18. Rdc2 Ke8 19. b4 Bxd5 20. cxd5 Kd8 21. Kf2 Rxc2 22. Rxc2 Rc8 23. Rxc8+ Kxc8 24. Bd1 b5 25. a4 Bc3 26. axb5 axb5 27. Be2 Bxb4 28. Bxb5 Ne5 29. f4 Ng4+ 30. Kf3 h5 31. h3 Nxe3 32. Kxe3 Kd8 1/2-1/2

[Event "Satu Mare Toamna Cup"]
[White "Sandu, Ionel"]
[Black "Orban, Vasile Gheorghe"]
[Site "Satu Mare"]
[Round "2"]
[Result "0-1"]
[Date "2014.09.16"]
[WhiteElo "1951"]
[BlackElo "2036"]
[PlyCount "118"]
[EventDate "2014.09.15"]
[EventType "tourn"]
[EventRounds "9"]
[EventCountry "ROU"]
[EventCategory "2"]
[SourceTitle "EXT 2016"]
[Source "ChessBase"]
[SourceDate "2015.10.08"]
[SourceVersion "1"]
[SourceVersionDate "2015.10.08"]
[SourceQuality "1"]

1. Na3 d5 2. c3 e5 3. Nc2 c5 4. e3 Nc6 5. Bb5 Bd7 6. d4 exd4 7. exd4 a6 8. Qe2+ Qe7 9. Ba4 b5 10. Qxe7+ Bxe7 11. Bb3 c4 12. Ne3 cxb3 13. Nxd5 Bd6 14. Nb6 Rb8 15. Nxd7 Kxd7 16. axb3 a5 17. d5 Nce7 18. Rxa5 Nf6 19. Ra7+ Bc7 20. Nf3 Nfxd5 21. Ne5+ Ke6 22. Nd3 Bb6 23. Ra6 Ra8 24. Nf4+ Kd7 25. Rxa8 Rxa8 26. Nxd5 Nxd5 27. 0-0 Re8 28. c4 bxc4 29. bxc4 Nb4 30. Rd1+ Kc6 31. Kf1 Re4 32. b3 Nc2 33. f3 Rh4 34. h3 Rd4 35. Rxd4 Nxd4 36. Bb2 f6 37. Bxd4 Bxd4 38. Ke2 Kc5 39. Kd3 Be5 40. Ke4 g6 41. f4 Bd6 42. g4 h6 43. h4 Be7 44. f5 g5 45. hxg5 hxg5 46. Kd3 Bd6 47. Kc3 Be5+ 48. Kd3 Kb4 49. Ke4 Kxb3 50. Kd5 Kc3 51. c5 Kd3 52. c6 Ke3 53. Ke6 Kf4 54. c7 Bxc7 55. Kxf6 Bd8+ 56. Kg6 Kxg4 57. f6 Kh4 58. f7 Be7 59. Kf5 g4 0-1

[Event "Hajduszoboszlo op 19th"]
[White "Orban, Vasile Gheorghe"]
[Black "Somogyi, Gabor"]
[Site "Hajduszoboszlo"]
[Round "7"]
[Result "1/2-1/2"]
[Date "2014.06.29"]
[WhiteElo "2097"]
[BlackElo "1975"]
[PlyCount "22"]
[EventDate "2014.06.25"]
[EventType "swiss"]
[EventRounds "7"]
[EventCountry "HUN"]
[SourceTitle "CBM 161 Extra"]
[Source "ChessBase"]
[SourceDate "2014.08.29"]
[SourceVersion "1"]
[SourceVersionDate "2014.08.29"]
[SourceQuality "1"]

1. d4 Nf6 2. c4 c5 3. Nf3 g6 4. Nc3 cxd4 5. Nxd4 Nc6 6. g3 d6 7. Bg2 Bd7 8. 0-0 Bg7 9. Re1 0-0 10. e3 a6 11. a3 Rb8 1/2-1/2

[Event "HUN-chT2 Barcza 1314"]
[White "Vass, Laszlo"]
[Black "Orban, Vasile Gheorghe"]
[Site "Hungary"]
[Round "11"]
[Result "0-1"]
[Date "2014.04.27"]
[WhiteElo "1899"]
[BlackElo "2080"]
[PlyCount "60"]
[EventDate "2013.09.08"]
[EventType "team-tourn"]
[EventRounds "11"]
[EventCountry "HUN"]
[SourceTitle "EXT 2016"]
[Source "ChessBase"]
[SourceDate "2015.10.08"]
[SourceVersion "1"]
[SourceVersionDate "2015.10.08"]
[SourceQuality "1"]
[WhiteTeam "Nadudvar"]
[BlackTeam "Hajduszoboszlo"]
[WhiteTeamCountry "HUN"]
[BlackTeamCountry "HUN"]

1. e4 e6 2. d4 d5 3. exd5 exd5 4. c4 Nf6 5. Nc3 h6 6. Nf3 Nc6 7. h3 Be7 8. Be2 0-0 9. 0-0 dxc4 10. Bxc4 a6 11. d5 Na5 12. Be2 Bb4 13. Qd4 Bxc3 14. Qxc3 b6 15. b4 Nb7 16. Rd1 Nd6 17. Ne5 Bb7 18. Bf3 Re8 19. a4 Nfe4 20. Qd4 Ng5 21. Bg4 Qf6 22. f4 Nge4 23. Re1 Ng3 24. Bb2 Ngf5 25. Qd2 Qh4 26. Nf3 Qg3 27. Qd3 Ne7 28. f5 Nxd5 29. Re5 Nf4 30. Qd4 Qxg2# 0-1

[Event "HUN-chT2 Maroczy 1213"]
[White "Orban, Vasile Gheorghe"]
[Black "Gergely, Akos"]
[Site "Hungary"]
[Round "10"]
[Result "1/2-1/2"]
[Date "2013.04.07"]
[WhiteElo "1938"]
[BlackElo "1839"]
[PlyCount "26"]
[EventDate "2012.09.16"]
[EventType "team-tourn"]
[EventRounds "11"]
[EventCountry "HUN"]
[SourceTitle "EXT 2014"]
[Source "ChessBase"]
[SourceDate "2013.11.20"]
[SourceVersion "1"]
[SourceVersionDate "2013.11.20"]
[SourceQuality "1"]
[WhiteTeam "Hajduszoboszlo"]
[BlackTeam "Kisvarda"]
[WhiteTeamCountry "HUN"]
[BlackTeamCountry "HUN"]

1. d4 d5 2. Nf3 Nf6 3. g3 e6 4. Bg2 c5 5. 0-0 Nc6 6. c4 Qb6 7. dxc5 Bxc5 8. cxd5 Nxd5 9. e4 Nf6 10. Nc3 0-0 11. Qc2 Nd4 12. Nxd4 Bxd4 13. Na4 Qb5 1/2-1/2

[Event "HUN-chT2 Maroczy 1213"]
[White "Tomasek, Tamas Mate"]
[Black "Orban, Vasile Gheorghe"]
[Site "Hungary"]
[Round "8"]
[Result "1/2-1/2"]
[Date "2013.03.03"]
[WhiteElo "2007"]
[BlackElo "1938"]
[PlyCount "134"]
[EventDate "2012.09.16"]
[EventType "team-tourn"]
[EventRounds "11"]
[EventCountry "HUN"]
[SourceTitle "EXT 2014"]
[Source "ChessBase"]
[SourceDate "2013.11.20"]
[SourceVersion "1"]
[SourceVersionDate "2013.11.20"]
[SourceQuality "1"]
[WhiteTeam "Hobagoly"]
[BlackTeam "Hajduszoboszlo"]
[WhiteTeamCountry "HUN"]
[BlackTeamCountry "HUN"]

1. d4 d5 2. Nf3 Nc6 3. Bf4 e6 4. c4 Nf6 5. e3 b6 6. cxd5 Nxd5 7. Bb5 Bd7 8. Bg3 a6 9. Bc4 Bb4+ 10. Nbd2 Na5 11. Bd3 Rc8 12. Bxa6 Ra8 13. Bd3 Bxd2+ 14. Qxd2 Nb3 15. Qd1 Nxa1 16. Qxa1 Nb4 17. Qb1 Nxd3+ 18. Qxd3 Rxa2 19. 0-0 0-0 20. Qc3 Bb5 21. Rc1 c6 22. h3 Qd5 23. Ne1 Rfa8 24. Nc2 Qc4 25. Bc7 Qxc3 26. bxc3 c5 27. Bxb6 Bd3 28. Ne1 c4 29. d5 exd5 30. Nf3 Rb2 31. Bc7 Raa2 32. Bg3 f6 33. Nd4 Kf7 34. Kh2 g5 35. Kg1 h5 36. h4 Rb1 37. Rxb1 Bxb1 38. Bd6 g4 39. Bb4 Be4 40. Bc5 Ra1+ 41. Kh2 Rf1 42. Kg3 Rg1 43. f4 gxf3 44. Nxf3 Rc1 45. Bb4 Rc2 46. Kh3 Kg6 47. Kg3 f5 48. Ne5+ Kf6 49. Nf3 Rb2 50. Bc5 Rc2 51. Ne1 Ra2 52. Nf3 Bd3 53. Bd4+ Ke6 54. Ng5+ Kd7 55. Nh3 Be4 56. Nf4 Kc6 57. Kh3 Kb5 58. Nxh5 Rxg2 59. Ng3 Rf2 60. h5 f4 61. exf4 Rxf4 62. Nxe4 dxe4 63. h6 Rf7 64. Bg7 Rf1 65. Kg2 Rf7 66. Kh2 Rf5 67. Kg2 Rf7 1/2-1/2

[Event "Lakitelek Magyarok op"]
[White "Orban, Vasile Gheorghe"]
[Black "Marta, Dominik"]
[Site "Lakitelek"]
[Round "7"]
[Result "0-1"]
[Date "2011.08.11"]
[WhiteElo "1722"]
[BlackElo "1839"]
[PlyCount "60"]
[EventDate "2011.08.06"]
[EventType "swiss"]
[EventRounds "9"]
[EventCountry "HUN"]
[SourceTitle "CBM 144 Extra"]
[Source "ChessBase"]
[SourceDate "2011.10.28"]
[SourceVersion "1"]
[SourceVersionDate "2011.10.28"]
[SourceQuality "1"]

1. e4 c5 2. Nf3 a6 3. Bc4 e6 4. Nc3 Ne7 5. d4 d5 6. Be2 c4 7. e5 Bd7 8. Bg5 h6 9. Bh4 g5 10. Bg3 Nf5 11. a3 Qb6 12. Rb1 Nc6 13. b3 Qa5 14. Qd2 Bxa3 15. Ra1 Qb4 16. Ra2 cxb3 17. cxb3 Nfxd4 18. Nxd4 Nxd4 19. Rxa3 Nxe2 20. Nxd5 Qxd2+ 21. Kxd2 Nxg3 22. Nf6+ Ke7 23. hxg3 Rad8 24. Ke3 Bb5 25. Raa1 Rd3+ 26. Ke2 Rxg3+ 27. Kd2 Rd8+ 28. Ke1 Rxb3 29. Rxh6 Rb2 30. Rc1 Re2+ 0-1

[Event "Lakitelek Magyarok op"]
[White "Bor, Ferenc"]
[Black "Orban, Vasile Gheorghe"]
[Site "Lakitelek"]
[Round "3"]
[Result "1-0"]
[Date "2011.08.08"]
[WhiteElo "1927"]
[BlackElo "1722"]
[PlyCount "93"]
[EventDate "2011.08.06"]
[EventType "swiss"]
[EventRounds "9"]
[EventCountry "HUN"]
[SourceTitle "CBM 144 Extra"]
[Source "ChessBase"]
[SourceDate "2011.10.28"]
[SourceVersion "1"]
[SourceVersionDate "2011.10.28"]
[SourceQuality "1"]

1. e4 e6 2. d4 d5 3. e5 c5 4. c3 Qb6 5. Nf3 Nc6 6. a3 c4 7. Nbd2 a5 8. b3 cxb3 9. Nxb3 Bd7 10. a4 Be7 11. Bb5 Qc7 12. Qd3 Nb8 13. c4 dxc4 14. Bxc4 Nc6 15. 0-0 Nb4 16. Qe2 Rc8 17. Bb5 Nd5 18. Bxd7+ Qxd7 19. Bd2 b6 20. Rfc1 Bb4 21. Rxc8+ Qxc8 22. Bxb4 axb4 23. Qb5+ Qd7 24. Qd3 Nge7 25. a5 bxa5 26. Rxa5 0-0 27. Nc5 Qc7 28. Rb5 Ra8 29. h3 Ra1+ 30. Kh2 f6 31. Rb7 Qc6 32. Rb8+ Kf7 33. Qxh7 Ra8 34. Qh5+ Ng6 35. Rb7+ Nde7 36. Qg4 Qd5 37. Rd7 Qa2 38. d5 Ra6 39. d6 Qd5 40. Nxa6 b3 41. Qb4 fxe5 42. Nc7 Qd3 43. Rxe7+ Kf6 44. Rxe6+ Kf7 45. Ng5+ Kg8 46. Rxg6 Qxg6 47. Qb8+ 1-0